Industry 4.0: Managing The Digital Transformation

This book provides a comprehensive guide to Industry 4.0 applications, not only introducing implementation aspects but also proposing a conceptual framework with respect to the design principles. In addition, it discusses the effects of Industry 4.0, which are reflected in new business models and wo...

Πλήρης περιγραφή

Λεπτομέρειες βιβλιογραφικής εγγραφής
Κύριοι συγγραφείς: Ustundag, Alp (Συγγραφέας, http://id.loc.gov/vocabulary/relators/aut), Cevikcan, Emre (http://id.loc.gov/vocabulary/relators/aut)
Συγγραφή απο Οργανισμό/Αρχή: SpringerLink (Online service)
Μορφή: Ηλεκτρονική πηγή Ηλ. βιβλίο
Γλώσσα:English
Έκδοση: Cham : Springer International Publishing : Imprint: Springer, 2018.
Έκδοση:1st ed. 2018.
Σειρά:Springer Series in Advanced Manufacturing,
Θέματα:
Διαθέσιμο Online:Full Text via HEAL-Link
LEADER 04454nam a2200589 4500
001 978-3-319-57870-5
003 DE-He213
005 20191025011729.0
007 cr nn 008mamaa
008 170915s2018 gw | s |||| 0|eng d
020 |a 9783319578705  |9 978-3-319-57870-5 
024 7 |a 10.1007/978-3-319-57870-5  |2 doi 
040 |d GrThAP 
050 4 |a TS1-2301 
072 7 |a TGP  |2 bicssc 
072 7 |a TEC020000  |2 bisacsh 
072 7 |a TGP  |2 thema 
082 0 4 |a 670  |2 23 
100 1 |a Ustundag, Alp.  |e author.  |4 aut  |4 http://id.loc.gov/vocabulary/relators/aut 
245 1 0 |a Industry 4.0: Managing The Digital Transformation  |h [electronic resource] /  |c by Alp Ustundag, Emre Cevikcan. 
250 |a 1st ed. 2018. 
264 1 |a Cham :  |b Springer International Publishing :  |b Imprint: Springer,  |c 2018. 
300 |a XVIII, 286 p. 30 illus., 23 illus. in color.  |b online resource. 
336 |a text  |b txt  |2 rdacontent 
337 |a computer  |b c  |2 rdamedia 
338 |a online resource  |b cr  |2 rdacarrier 
347 |a text file  |b PDF  |2 rda 
490 1 |a Springer Series in Advanced Manufacturing,  |x 1860-5168 
505 0 |a Conceptual Framework for Industry 4.0 -- Economic Perspectives for Industry 4.0 Transformation -- Smart Product and Business Models -- Lean and Autonomous Production Systems for Industry 4.0 -- Workforce Transformation with Industry 4.0 Era -- Talent Development for Industry 4.0 -- Assessment for Industry 4.0 Readiness -- Industry 4.0 Roadmap -- Data Analytics for Production and Service Systems -- Internet of Things and New Value Proposition -- The Role of Augmented Reality in the Age of Industry 4.0 -- Adaptive Robotics for Industry 4.0 Ecosystem -- Additive Manufacturing Technologies and its Potentials -- Digital Factory: Simulation for Manufacturing Processes -- Digital Traceability through  Production Value Chain -- Cybersecurity and Industry 4.0. 
520 |a This book provides a comprehensive guide to Industry 4.0 applications, not only introducing implementation aspects but also proposing a conceptual framework with respect to the design principles. In addition, it discusses the effects of Industry 4.0, which are reflected in new business models and workforce transformation. The book then examines the key technological advances that form the pillars of Industry 4.0 and explores their potential technical and economic benefits using examples of real-world applications. The changing dynamics of global production, such as more complex and automated processes, high-level competitiveness and emerging technologies, have paved the way for a new generation of goods, products and services. Moreover, manufacturers are increasingly realizing the value of the data that their processes and products generate. Such trends are transforming manufacturing industry to the next generation, namely Industry 4.0, which is based on the integration of information and communication technologies and industrial technology. The book provides a conceptual framework and roadmap for decision-makers for this transformation. 
650 0 |a Manufactures. 
650 0 |a Production management. 
650 0 |a Computer-aided engineering. 
650 0 |a Engineering economics. 
650 0 |a Engineering economy. 
650 0 |a Information technology. 
650 0 |a Business-Data processing. 
650 1 4 |a Manufacturing, Machines, Tools, Processes.  |0 http://scigraph.springernature.com/things/product-market-codes/T22050 
650 2 4 |a Production.  |0 http://scigraph.springernature.com/things/product-market-codes/519010 
650 2 4 |a Computer-Aided Engineering (CAD, CAE) and Design.  |0 http://scigraph.springernature.com/things/product-market-codes/I23044 
650 2 4 |a Engineering Economics, Organization, Logistics, Marketing.  |0 http://scigraph.springernature.com/things/product-market-codes/T22016 
650 2 4 |a IT in Business.  |0 http://scigraph.springernature.com/things/product-market-codes/522000 
700 1 |a Cevikcan, Emre.  |e author.  |4 aut  |4 http://id.loc.gov/vocabulary/relators/aut 
710 2 |a SpringerLink (Online service) 
773 0 |t Springer eBooks 
776 0 8 |i Printed edition:  |z 9783319578699 
776 0 8 |i Printed edition:  |z 9783319578712 
776 0 8 |i Printed edition:  |z 9783319862712 
830 0 |a Springer Series in Advanced Manufacturing,  |x 1860-5168 
856 4 0 |u https://doi.org/10.1007/978-3-319-57870-5  |z Full Text via HEAL-Link 
912 |a ZDB-2-ENG 
950 |a Engineering (Springer-11647)